LDR 00907naa#a2200193#i#450# 001 EN\\bibl\20280 005 20260701220116.3 100 ## _a20260630b2026####ek#y0engy0150####ca 102 ## _aRU 200 1# _aINVESTIGATION OF THE INFORMATION SYSTEM FOR MANAGING DISPATCHING REQUESTS OF A HEAT AND POWER COMPLEX ENTERPRISE _eConference article/thesis 210 1# _aVoronezh _cFSBE Institution of Higher Education Voronezh State University of Forestry and Technologies named after G.F. Morozov _d2026 215 ## _a8 с. 608 ## _aConference article/thesis _2local 675 ## _aИнформационные технологии. Компьютерные технологии. Теория вычислительных машин и систем. 004 _z 700 #1 _aSlepchenko _gV. Yu. 700 #1 _aSazonova _gS. A. 700 #1 _aAsminin _gViktor Fedorovich 700 #1 _aVolodkin _gDmitriy Aleksandrovich 856 4# _abibl.vgltu.ru _u